Zápisky odstřelovače /
Kniha vzpomínek dnes již legendárního bývalého sovětského odstřelovače se především soustředí na průběh stalingradské bitvy, která znamenala zásadní obrat na východní frontě v období druhé světové války.
Uloženo v:
| Hlavní autor: | |
|---|---|
| Další autoři: | |
| Médium: | E-kniha |
| Jazyk: | Czech |
| Vydáno: |
Praha :
Mladá fronta,
2021
|
| Vydání: | Vydání druhé |
| Témata: | |
| Příbuzné jednotky: | Název anglické verze::
Notes of a Russian sniper |
| Tagy: |
Žádné tagy |
| LEADER | 03895nam a2200613 i 4500 | ||
|---|---|---|---|
| 001 | 313596 | ||
| 003 | CZ PrSKC | ||
| 005 | 20260602062738.0 | ||
| 007 | ta | ||
| 008 | 210621s2021 xr ach e 000 0acze | ||
| 015 | |a cnb003329002 | ||
| 020 | |a 9788020458315 |q (vázáno) | ||
| 035 | |a (OCoLC)1267680705 | ||
| 040 | |a ABG001 |b cze |d ABA001 |e rda | ||
| 041 | 1 | |a cze |k eng |h rus | |
| 043 | |a e-ur--- | ||
| 045 | |a x4x4 | ||
| 072 | 7 | |a 355/359 |x Vojenství. Obrana země. Ozbrojené síly |2 Konspekt | |
| 072 | 7 | |a 929 |x Biografie |2 Konspekt | |
| 080 | |a 356.164 |2 MRF | ||
| 080 | |a 355.483(470.45)"1942/1943" |2 MRF | ||
| 080 | |a 355.48(100)"1939/1945" |2 MRF | ||
| 080 | |a 929 |2 MRF | ||
| 080 | |a (47+57) |2 MRF | ||
| 080 | |a (0:82-94) |2 MRF | ||
| 100 | 1 | |a Zajcev, Vasilij Grigor‘jevič, |d 1915-1991 |7 xx0162830 |4 aut | |
| 240 | 1 | 0 | |a Za Volgoj zemli dlja nas ne bylo. |l Česky |
| 245 | 1 | 0 | |a Zápisky odstřelovače / |c Vasilij G. Zajcev ; přeložil Jiří Hutečka |
| 250 | |a Vydání druhé | ||
| 264 | 1 | |a Praha : |b Mladá fronta, |c 2021 | |
| 300 | |a 215 stran, 8 nečíslovaných stran obrazových příloh : |b ilustrace, portréty, faksimile ; |c 21 cm | ||
| 336 | |a text |b txt |2 rdacontent | ||
| 337 | |a bez média |b n |2 rdamedia | ||
| 338 | |a svazek |b nc |2 rdacarrier | ||
| 500 | |a Přeloženo z anglické verze ruského originálu | ||
| 520 | 2 | |a Kniha vzpomínek dnes již legendárního bývalého sovětského odstřelovače se především soustředí na průběh stalingradské bitvy, která znamenala zásadní obrat na východní frontě v období druhé světové války. |b Podle svých memoárů zastřelil Vasilij Zajcev téměř 250 příslušníků wehrmachtu a stal se tak během druhé světové války nejúspěšnějším odstřelovačem tehdejší Rudé armády. Zajcev líčí v pamětech své střelecké počátky, které se vlastně datují již od dětských let, kdy doprovázel dědečka na lov vysoké zvěře v uralské tajze. Dodává, že právě tyto zkušenosti později bohatě zúročil v boji. Roku 1937 nastoupil Zajcev základní vojenskou službu a byl přidělen k proslulé tichomořské flotile. Po invazi německé armády se však rozhodl námořnictvo opustit a dobrovolně se přihlásil do nejtěžších frontových bojů. Tímto způsobem se v říjnu 1942 dostal do stalingradského kotle, kde si velitelé brzy povšimli jeho mimořádného střeleckého talentu. I proto mu svěřili zbraň s teleskopickým zaměřovačem, která se pak v jeho rukou stala v obleženém městě postrachem pro "nepřítele před branami". | |
| 600 | 1 | 7 | |a Zajcev, Vasilij Grigor‘jevič, |d 1915-1991 |7 xx0162830 |2 czenas |
| 648 | 4 | |a 1942-1943 | |
| 648 | 7 | |a 1939-1945 |7 ch460653 |2 czenas | |
| 650 | 0 | 7 | |a odstřelovači |7 ph229509 |z Sovětský svaz |y 1939-1945 |2 czenas |
| 650 | 0 | 7 | |a bitva u Stalingradu (1942-1943 : Volgograd, Rusko) |7 ph118102 |2 czenas |
| 650 | 0 | 7 | |a druhá světová válka (1939-1945) |7 ph117270 |z Sovětský svaz |2 czenas |
| 650 | 0 | 9 | |a snipers |z Soviet Union |y 1939-1945 |2 eczenas |
| 650 | 0 | 9 | |a battle of Stalingrad (1942-1943 : Volgograd, Russia) |2 eczenas |
| 650 | 0 | 9 | |a World War (1939-1945) |z Soviet Union |2 eczenas |
| 655 | 7 | |a autobiografické vzpomínky |7 fd131854 |2 czenas | |
| 655 | 9 | |a autobiographical reminiscences |2 eczenas | |
| 700 | 1 | |a Hutečka, Jiří, |d 1979- |7 mzk2005312975 |4 trl | |
| 765 | 0 | 8 | |i Název anglické verze: |t Notes of a Russian sniper |
| 900 | |a ABA001 |b 20 | ||
| 044 | |a xr | ||
| 910 | |a RBIT002 | ||
| 998 | |d 327037 |a https://core.palmknihy.cz/api/books/327037/cover?si7wch |b https://core.palmknihy.cz/api/books/327037/cover/400?si7wch |c https://core.palmknihy.cz/api/books/327037/cover/50?si7wch |e 2031-04-15 |g 232 |i 9788020458315 |j https://core.palmknihy.cz/api/books/327037/preview.epub |k https://core.palmknihy.cz/api/books/327037/preview.pdf |l |q 49 |r 1 |s https://www.palmknihy.cz/kniha/327037 |t ebook |y 2021 |z 0 | ||
| 999 | |d 313594 | ||